000 01065cas a2200313 a 4500
001 000046352
003 DLC
005 20250611114346.0
007 ta
008 150731c2014 dr fr1p|d || z0spa d
022 _a1991-5292
040 _aDO-SdBNP
_bspa
_cBNPHU
_erda
041 _hspa
043 _anwdr
245 0 0 _aJusticia & razón.
264 _aSanto Domingo, República Dominicana :
_bPoder judicial,
_c2014.
300 _avolumen :
_bilustraciones, fotografías, tablas ;
_c26 cm.
310 _aSemestral.
336 _atexto
_btxt
_2rdacontent
337 _asin mediación
_bn
_2rdamedia
338 _avolumen
_bnc
_2rdacarrier
362 1 _aInicia con: Año.4: No.8. (noviembre, 2014).
500 _aCatalogación basada en: Año.4: No.8. (noviembre, 2014).
500 _aEditora: Yildalina Tatem Brache.
650 4 _aPoder judicial
_vPublicaciones periódicas
_zRepública Dominicana
_974379
651 4 _aRepública Dominicana
_xAdministración de Justicia
_974380
700 1 _aTaten Brache, Yildalina
_eeditor
_974381
942 _2ddc
_cISSUE
999 _c45841
_d45841